DIPS user's manual for the forth programming system (Record no. 9255)

MARC details
000 -LEADER
fixed length control field 00462nam a2200145Ia 4500
003 - CONTROL NUMBER IDENTIFIER
control field IN-BaIIA
008 - FIXED-LENGTH DATA ELEMENTS--GENERAL INFORMATION
fixed length control field 211028s9999 xx 000 0 eng d
040 ## - CATALOGING SOURCE
Transcribing agency IIA Library
110 ## - MAIN ENTRY--CORPORATE NAME
Corporate name or jurisdiction name as entry element Photometrics limited
9 (RLIN) 15556
245 #0 - TITLE STATEMENT
Title DIPS user's manual for the forth programming system
Statement of responsibility, etc. Photometrics limited
260 ## - PUBLICATION, DISTRIBUTION, ETC.
Place of publication, distribution, etc. France
Date of publication, distribution, etc. 1986
300 ## - PHYSICAL DESCRIPTION
Extent 724p.
650 ## - SUBJECT ADDED ENTRY--TOPICAL TERM
Topical term or geographic name entry element Dips users, computer programming system
9 (RLIN) 15557
942 ## - ADDED ENTRY ELEMENTS (KOHA)
Koha item type Books
Holdings
Withdrawn status Lost status Damaged status Not for loan Home library Current library Shelving location Date acquired Total Checkouts Barcode Date last seen Price effective from Koha item type
        IIA Library-Bangalore IIA Library-Kavalur General Stacks     10162 05/11/2021   Books

Powered by Koha